000 00388nam a22001457a 4500
020 _a9789380386218
082 _a621.319 KHE
100 _aM. K. Khedkar
245 _aA textbook of Electric power distribution automation
260 _aNew Delhi
_bUniversity Science Press
_c2014
300 _a218p.
_bill.;
650 _aElectric power distribution
700 _aG. M. Dhole
942 _cBK
999 _c13562
_d13562